El anteproyecto de reforma de la Sociedad Anónima (Record no. 24120)

MARC details
000 -LEADER
campo de control de longitud fija 01002nam a2200229 i 4500
001 - NÚMERO DE CONTROL
campo de control 24120
003 - IDENTIFICADOR DE NÚMERO DE CONTROL
campo de control ES-MaACL
005 - FECHA Y HORA DE LA ÚLTIMA TRANSACCIÓN
campo de control 20250404180847.0
007 - CAMPO FIJO DE DESCRIPCIÓN FÍSICA--INFORMACIÓN GENERAL
campo de control de longitud fija t|
008 - DATOS DE LONGITUD FIJA--INFORMACIÓN GENERAL
campo de control de longitud fija 021216s1949 sp ||||1| spa d
245 03 - MENCIÓN DEL TÍTULO
Título El anteproyecto de reforma de la Sociedad Anónima
Resto del título : encuesta publicada en El Correo Catalán /
Mención de responsabilidad, etc. Oriol Anguera de Sojo... [et al.] ; con un resumen por Claudio Colomer Marqués.
260 ## - PUBLICACIÓN, DISTRIBUCIÓN, ETC.
Lugar de publicación, distribución, etc. Barcelona :
Nombre del editor, distribuidor, etc. Bosch,
Fecha de publicación, distribución, etc. 1949 (
Fabricante J. Sabater Bros)
300 ## - DESCRIPCIÓN FÍSICA
Extensión 113 p. ;
Dimensiones 23 cm.
650 #4 - PUNTO DE ACCESO ADICIONAL DE MATERIA--TÉRMINO DE MATERIA
9 (RLIN) 17183
Término de materia o nombre geográfico como elemento de entrada Sociedades anónimas-
Subdivisión geográfica España
700 1# - ENTRADA AGREGADA--NOMBRE PERSONAL
Nombre de persona Anguera de Sojo, Oriol.
9 (RLIN) 21764
700 1# - ENTRADA AGREGADA--NOMBRE PERSONAL
Nombre de persona Colomer Marqués, Claudio.
9 (RLIN) 39854
852 ## - LOCALIZACIÓN
Ubicación ES-MaACL
Número de control de estantería D-6538
Sublocalización o colección R.30047
-- R.M.6129
itemnumber 25017
Ubicación en estantería Sala Valle Inclán
Marcas de propiedad Sello en tinta azul de la Biblioteca del Ateneo de Madrid
Nota libre En cubierta: "11.ENE."
942 ## - ELEMENTOS DE ENTRADA SECUNDARIOS (KOHA)
Fuente del sistema de clasificación o colocación Clasificación decimal universal
Tipo de ítem Koha Libro impreso
Holdings
Estatus retirado Estado de pérdida Estado de daño No para préstamo Biblioteca de origen Biblioteca actual Ubicación en estantería Fecha de adquisición Fuente de adquisición Total de préstamos Signatura topográfica completa Código de barras Visto por última vez Precio de reemplazo Tipo de ítem Koha
        Biblioteca del Ateneo de Madrid Biblioteca del Ateneo de Madrid Sala Valle Inclán 17/01/2008     D-6538 901024863 23/02/2023 23/02/2023 Libro impreso